Bilateral treaty developments in Latin America, 1953-1955. (Record no. 51307)
[ view plain ]
| 000 -LEADER | |
|---|---|
| fixed length control field | 01140cam a22002651 4500 |
| 001 - CONTROL NUMBER | |
| control field | pa 56000033 |
| 003 - CONTROL NUMBER IDENTIFIER | |
| control field | DLC |
| 005 - DATE AND TIME OF LATEST TRANSACTION | |
| control field | 20260227111853.0 |
| 008 - FIXED-LENGTH DATA ELEMENTS--GENERAL INFORMATION | |
| fixed length control field | 761210s1956 dcu b f000 0 eng c |
| 010 ## - LIBRARY OF CONGRESS CONTROL NUMBER | |
| LC control number | pa 56000033 |
| 035 ## - SYSTEM CONTROL NUMBER | |
| System control number | (OCoLC)2611218 |
| 040 ## - CATALOGING SOURCE | |
| Original cataloging agency | Pan American Union. Library |
| Transcribing agency | FU-L |
| Modifying agency | OCoLC |
| -- | DLC |
| 042 ## - AUTHENTICATION CODE | |
| Authentication code | premarc |
| 050 00 - LIBRARY OF CONGRESS CALL NUMBER | |
| Classification number | JX506 |
| Item number | 1956, no. 2 |
| 100 2# - MAIN ENTRY--PERSONAL NAME | |
| Personal name | López-Lavalle, María Esther, |
| Relator term | comp. |
| 245 10 - TITLE STATEMENT | |
| Title | Bilateral treaty developments in Latin America, 1953-1955. |
| 260 ## - PUBLICATION, DISTRIBUTION, ETC. | |
| Place of publication, distribution, etc. | Washington, |
| Name of publisher, distributor, etc. | Legal Division, Dept. of International Law, Pan American Union, |
| Date of publication, distribution, etc. | 1956. |
| 300 ## - PHYSICAL DESCRIPTION | |
| Extent | v, 158 p. |
| Dimensions | 28 cm. |
| 440 #0 - SERIES STATEMENT/ADDED ENTRY--TITLE | |
| Title | Treaty series, |
| Volume/sequential designation | 2 |
| 500 ## - GENERAL NOTE | |
| General note | Continuation of Bilateral treaty developments in Latin America, 1938-1948, by the Division of Legal Affairs, and Bilateral treaty developments in Latin America, 1942-1952, by the Division of Law and Treaties. |
| 504 ## - BIBLIOGRAPHY, ETC. NOTE | |
| Bibliography, etc. note | Bibliography: p. 150-158. |
| 651 #0 - SUBJECT ADDED ENTRY--GEOGRAPHIC NAME | |
| Geographic name | Latin America |
| General subdivision | Politics and government. |
| 650 #0 - SUBJECT ADDED ENTRY--TOPICAL TERM | |
| Topical term or geographic name entry element | Treaties |
| Form subdivision | Catalogs. |
| 710 2# - ADDED ENTRY--CORPORATE NAME | |
| Corporate name or jurisdiction name as entry element | Pan American Union. |
| Subordinate unit | Division of Legal Affairs. |
| Title of a work | Bilateral treaty developments in Latin America, 1938-1948. |
No items available.